Libro de trabajo 5, Las cuatro operaciones con fracciones. Nivelación Restitutiva de Matemática

Guardat en:
Dades bibliogràfiques
Autor corporatiu: Pontificia Universidad Católica de Chile (Autor), Ministerio de Educación (Autor)
Format: Llibre
Idioma:espanyol
Publicat: Santiago Mineduc 2004
Col·lecció:Liceo para Todos
Matèries:
Etiquetes: Afegir etiqueta
Sense etiquetes, Sigues el primer a etiquetar aquest registre!

MARC

LEADER 00000nam a2200000 a 4500
001 UCJ1799
003 CL-VaPUC
008 061117e20040000CL |||||||||||||||||spa|d
082 0 4 |a 510.712  |b PON  |2 21 
110 2 |a Pontificia Universidad Católica de Chile  |e author  |9 502510 
710 2 |a Ministerio de Educación  |e author  |9 502511 
245 1 0 |a Libro de trabajo 5, Las cuatro operaciones con fracciones. Nivelación Restitutiva de Matemática 
300 |a 48 p 
942 |c BK 
945 |d 20061117 00:00:00  |a cmena 
260 |a Santiago  |b Mineduc  |c 2004 
650 0 |a Matemáticas  |x Enseñanza  |9 875527 
650 0 |a Métodos de enseñanza  |9 270413 
650 0 |a Aritmética   |9 270049 
583 |a last modification  |c 20061117 00:00:00  |k Rodrigo Vera 
490 0 |a Liceo para Todos 
999 |c 318246  |d 318244 
952 |0 0  |1 0  |4 0  |6 510_712000000000000_PON_2004  |7 0  |8 A  |9 395792  |a BIBMAT  |b BIBMAT  |c E_DIDACT  |d 2019-11-22  |i 4297466  |o 510.712 PON 2004  |p 4297466  |r 2025-01-07  |w 2019-11-22  |y BK  |k MAT 
952 |0 0  |1 0  |4 0  |6 510_712000000000000_PON_2004  |7 0  |8 A  |9 395794  |a BIBMAT  |b BIBMAT  |c E_DIDACT  |d 2019-11-22  |i 4297482  |o 510.712 PON 2004  |p 4297482  |r 2025-01-07  |w 2019-11-22  |y BK  |k MAT 
952 |0 0  |1 0  |4 0  |6 510_712000000000000_PON_2004  |7 0  |8 A  |9 395795  |a BIBMAT  |b BIBMAT  |c E_DIDACT  |d 2019-11-22  |i 4297490  |o 510.712 PON 2004  |p 4297490  |r 2025-01-07  |w 2019-11-22  |y BK  |k MAT